Science Quiz

Random Science or Numbers Quiz

Counting in Base Two Quiz Stats

 Plays Quiz not verified by Sporcle

Challenge
Share
Tweet
Embed
Score 0/25 Timer 03:00
0 Plays Today
Base Ten Number Base Two Number % Correct
11
99.6%
210
89.6%
311
83.1%
4100
78.6%
5101
78.2%
7111
77.3%
6110
76.9%
81000
75.8%
91001
75.2%
101010
74.6%
111011
74.4%
121100
73.5%
131101
73.1%
Base Ten Number Base Two Number % Correct
141110
72.9%
151111
72.9%
1610000
72.9%
1710001
72.5%
1810010
72.2%
1910011
71.8%
2010100
71.2%
2110101
71.2%
2210110
70.6%
2310111
70.1%
2511001
70.1%
2411000
69.9%

You're not logged in!

Compare scores with friends on all Sporcle quizzes.
Join for Free
OR
Log In

You Might Also Like...

Show Comments

Extras

Top Quizzes Today


Score Distribution

Your Account Isn't Verified!

In order to create a playlist on Sporcle, you need to verify the email address you used during registration. Go to your Sporcle Settings to finish the process.

Report this User

Report this user for behavior that violates our Community Guidelines.

Details: